• 首页
  • 本馆介绍
  • 公告通知
  • 最新文献
  • 馆藏检索
  • 电子资源
  • 读者导购
  • 参考咨询
  • 我的图书馆
  • 登录
  • 详细信息显示
  • 放入我的书架
  • 预约/预借图书
  • 作者相关作品
  • 分类相关作品
  • 丛书相关作品
  • 出版社相关作品

书目信息

  • 表格格式
  • 工作单格式
  • 卡片格式
题名:
文心雕龙研究
    
 
作者: ;中国《文心雕龙》学会 编
分册: 第五辑  
出版信息: 保定   河北大学出版社  2002
页数: 363页
开本: 20cm
丛书名:
单 册:
中图分类: I206.2
科图分类:
主题词: 古典文学--文学评论--中国 , 古典文学--文学研究--中国
电子资源:
ISBN: 7-81028-721-4
000 00652nam0 2200205 45
001 0410261198
005 20041026111148.2
010    @a7-81028-721-4@dCNY20.00
100    @a20041026d2002 km y0chiy0120 ea
101 0  @achi
105    @a z 000yy
200 1  @a文心雕龙研究@AWen Xin Diao Long Yan Jiu@h第五辑@f中国《文心雕龙》学会编@FZhong Guo《Wen Xin Diao Long》Xue Hui Bian
210    @a保定@c河北大学出版社@d2002
215    @a363页@d20cm
606 0  @a古典文学@x文学评论@y中国
606 0  @a古典文学@x文学研究@y中国
690    @aI206.2@v4
711 02 @a中国《文心雕龙》学会@4编
801    @aCN@bTSTCL@c20041026
905    @b336130-134@dI206.2@e205@f5
    
    文心雕龙研究.第五辑/中国《文心雕龙》学会编.-保定:河北大学出版社,2002
    363页;20cm
    
    
    ISBN 7-81028-721-4:CNY20.00
    
●
相关链接 在E读中查询图书 在五车中查询图书 在当当中查询图书 在豆瓣中查询图书


正题名:文心雕龙研究     索取号:I206.2/205         预约/预借

序号 登录号 条形码 馆藏地/架位号 状态 备注
1 0336130   203361307   第二借阅区/ [索取号:I206.2/205] 在馆    
2 0336131   203361316   第二借阅区/ [索取号:I206.2/205] 在馆    
3 0336132   203361325   第二借阅区/ [索取号:I206.2/205] 在馆    
4 0336133   203361334   第二借阅区/ [索取号:I206.2/205] 在馆    
5 0336134   203361343   第一样本阅览室/ [索取号:I206.2/205] 在馆    
唐山师范学院图书馆 欢迎您!
大连网信软件有限公司© 版权所有